LEADER 01461cam2 22003253 450 001 SOB018924 005 20191128182217.0 010 $a9004112154 100 $a20040211d1998 |||||ita|0103 ba 101 $alat 102 $aNL 200 1 $a<<3,1.4: >>Analytica priora$eTranslatio Boethii (recensiones duae) Translatio Anonyma Pseudo-Philoponi Aliorumque Scholia Specimina Translationum Recentiorum$fed. L. Minio Paluello 205 $aEd. altera adiunctis scholiorum in analytica priora supplementis a James Shiel Compositis 210 $aLeiden$aNew York$aKöln$cBrill$d1998 215 $aLXXXVIII, 514 p.$d25 cm 225 2 $aCorpus Philosophorum Medii Aevi$vIII, 1-4 300 $a(n.i.113040-lt) 410 1$1001LAEC00018405$12001 $a*Corpus Philosophorum Medii Aevi$vIII, 1-4 461 1$1001SOBE00044627$12001 $aAritoteles latinus / editioni curandae praesidet L. Minio Paluello ; [poi] G. Verbeke 700 0$aAristoteles$3AF00011489$4070$04207 702 1$aMinio-Paluello, Lorenzo$3SOBA00008732$4070 801 0$aIT$bUNISOB$c20191128$gRICA 850 $aUNISOB 852 $aUNISOB$jFondo|Crie$m113040 912 $aSOB018924 940 $aM 102 Monografia moderna SBN 941 $aM 957 $aFondo|Crie$b000656$gSI$d113040$hCrie$rACQUISTO$1bethb$2UNISOB$3UNISOB$420140730112638.0$520191128182217.0$6bethb$fModalità di consultazione vedi homepage della Biblioteca link Fondi 996 $aAnalytica priora$920006 997 $aUNISOB LEADER 04159nam 22007214a 450 001 9910449887003321 005 20210603214453.0 010 $a9786612359651 010 $a0-520-93698-1 010 $a1-282-35965-7 010 $a1-59734-999-2 024 7 $a10.1525/9780520936980 035 $a(CKB)1000000000008496 035 $a(EBL)224293 035 $a(OCoLC)475930429 035 $a(SSID)ssj0000270691 035 $a(PQKBManifestationID)11215271 035 $a(PQKBTitleCode)TC0000270691 035 $a(PQKBWorkID)10281642 035 $a(PQKB)10849846 035 $a(StDuBDS)EDZ0000083809 035 $a(MiAaPQ)EBC224293 035 $a(OCoLC)55741729 035 $a(MdBmJHUP)muse30510 035 $a(DE-B1597)520330 035 $a(DE-B1597)9780520936980 035 $a(PPN)188921141 035 $a(Au-PeEL)EBL224293 035 $a(CaPaEBR)ebr10058578 035 $a(CaONFJC)MIL235965 035 $a(EXLCZ)991000000000008496 100 $a20020619d2003 uy 0 101 0 $aeng 135 $aur|||||||nn|n 181 $ctxt 182 $cc 183 $acr 200 00$aWhat justice? whose justice?$b[electronic resource] $efighting for fairness in Latin America /$fedited by Susan Eva Eckstein and Timothy P. Wickham-Crowley 210 $aBerkeley $cUniversity of California Press$dc2003 215 $a1 online resource (377 p.) 300 $aDescription based upon print version of record. 311 0 $a0-520-23744-7 311 0 $a0-520-23745-5 320 $aIncludes bibliographical references and index. 327 $tFront matter --$tContents --$tList of Illustrations --$tPreface --$t1. Struggles for Justice in Latin America --$t2. Social Inequality, Civil Society, and the Limits of Citizenship in Latin America --$t3. An Exception to Chilean Exceptionalism? The Historical Role of Chile's Judiciary --$t4. Presidential Crises and Democratic Accountability in Latin America, 1990-1999 --$t5. The Vicious Cycle of Inequality in Latin America --$t6. Perpetrators' Confessions: Truth, Reconciliation, and Justice in Argentina --$t7. Colombia: Does Injustice Cause Violence? --$t8. Progressive Pragmatism as a Governance Model: An In-Depth Look at Porto Alegre, Brazil, 1989-2000 --$t9. Citizen Responses to Conflict and Political Crisis in Peru: Informal Politics in Ayacucho --$t10. Social Justice and the New Indigenous Politics: An Analysis of Guatemala, the Central Andes, and Chiapas --$t11. The War of the Peace: Indigenous Women's Struggle for Social Justice in Chiapas, Mexico --$t12. Reflections on Remembrance: Voices from an Ixcán Village --$tList of Contributors --$tIndex 330 $aThe new millennium began with the triumph of democracy and markets. But for whom is life just, how so, and why? And what is being done to correct persisting injustices? Blending macro-level global and national analysis with in-depth grassroots detail, the contributors highlight roots of injustices, how they are perceived, and efforts to alleviate them. Following up on issues raised in the groundbreaking best-seller Power and Popular Protest: Latin American Social Movements (California, 2001), these essays elucidate how conceptions of justice are socially constructed and contested and historically contingent, shaped by people's values and institutionally grounded in real-life experiences. The contributors, a stellar coterie of North and Latin American scholars, offer refreshing new insights that deepen our understanding of social justice as ideology and practice. 606 $aSocial justice$zLatin America 606 $aDemocratization$zLatin America 606 $aFree trade$xSocial aspects$zLatin America 608 $aElectronic books. 615 0$aSocial justice 615 0$aDemocratization 615 0$aFree trade$xSocial aspects 676 $a303.3/72/098 701 $aEckstein$b Susan$f1942-$0133970 701 $aWickham-Crowley$b Timothy P.$f1951-$0986608 801 0$bMiAaPQ 801 1$bMiAaPQ 801 2$bMiAaPQ 906 $aBOOK 912 $a9910449887003321 996 $aWhat justice? whose justice$92478168 997 $aUNINA LEADER 01535nam 2200505 450 001 9910463314603321 005 20200520144314.0 010 $a1-317-10555-9 010 $a1-317-10554-0 010 $a1-315-59226-6 035 $a(CKB)2670000000350747 035 $a(MiAaPQ)EBC4523572 035 $a(MiAaPQ)EBC1172566 035 $a(Au-PeEL)EBL4523572 035 $a(CaPaEBR)ebr11506467 035 $a(OCoLC)1022790757 035 $a(EXLCZ)992670000000350747 100 $a20180224h20162013 uy 0 101 0 $aeng 135 $aurcnu|||||||| 181 $2rdacontent 182 $2rdamedia 183 $2rdacarrier 200 10$aLetters from the East $ecrusaders, pilgrims and settlers in the 12th-13th centuries /$fMalcolm Barber, A. K. Bate 210 1$aLondon, [England] ;$aNew York, [New York] :$cRoutledge,$d2016. 210 4$d©2013 215 $a1 online resource (188 pages) $cillustrations 225 1 $aCrusade Texts in Translation ;$vVolume 18 311 $a0-7546-6356-6 320 $aIncludes bibliographical references and index. 410 0$aCrusade texts in translation ;$vVolume 18. 606 $aCrusades 607 $aLatin Orient$xHistory$vSources 608 $aElectronic books. 615 0$aCrusades. 676 $a956.014 700 $aBarber$b Malcolm$0139885 702 $aBate$b A. K. 801 0$bMiAaPQ 801 1$bMiAaPQ 801 2$bMiAaPQ 906 $aBOOK 912 $a9910463314603321 996 $aLetters from the East$92121308 997 $aUNINA